000 00522nam a2200181Ia 4500
005 20250326124052.0
008 250326s9999 xx 000 0 und d
037 _aTextbook
040 _aFMSL
_beng
_cFMSL
041 _aeng
_2eng
084 _aB281 L2
_qFMSL
100 _aWinkler R L
_9736705
245 0 _aIntroducation to bayesian inference and decision
_cWinkler R L
260 _aNY Holt
_bNY Holt, Rinehart And Winston
_c1972
300 _a563p
942 _cTB
_hB281 L2
999 _c1272133
_d1272133